O príncipe nabo (Registo nº 4665)

Detalhes MARC
000 -Etiqueta do registo
Cabeçalho 00789nam0a2200253 4500
005 - Identificador da versão
Campo de controlo 20240813122108.0
100 ## - Dados gerais de processamento
Dados gerais de processamento 20190204d1978 d y0pory5003 ba
102 ## - Pais de publicação ou produção
País de publicação Portugal
101 0# - Língua de publicação
Língua do texto, banda sonora, etc. Português
215 ## - Descrição física 
Indicação específica da natureza do documento e extensão da espécie 78, [2] p.
Outras indicações físicas il. color
200 1# - Titulo e menção de responsabilidade
Título próprio O príncipe nabo
Informação de outro título peça em 3 actos baseada numa velha história popular
Primeira menção de responsabilidade Ilse Losa
Outras menções de responsabilidade desenhos Fernando Relvas
225 1# - Colecção 
Título próprio da colecção Plátano de abril
Indicação de volume 10
210 ## - Publicação, Distribuição, etc. 
Lugar da edição, distribuição, etc. [Lisboa
Nome do editor, distribuidor, etc. Plátano
Data da publicação, distribuição, etc. 1978?]
Data da impressão imp. 1978
300 ## - Notas gerais 
Texto da nota PNL
Texto da nota Metas Curriculares
606 ## - Nome comum usado como assunto
Número de registo de entrada de autoridade 0001414
Palavra de ordem Literatura portuguesa
Subdivisão de assunto Teatro
Código do sistema CA
675 ## - Classificação Decimal Universal (CDU)
Notação 821.134.3-2
Edição 3ª ed.
Língua da edição por
702 #1 - Nome de autor-pessoa física (responsabilidade secundária)
Número de registo de entrada de autoridade 0002066
Palavra de ordem Relvas
Outra parte do nome não tomada para palavra de ordem Fernando
Código de função Ilustrador / Técnico de desenho computorizado
700 #1 - Nome de autor-pessoa física (responsabilidade principal)
Número de registo de entrada de autoridade 0000349
Palavra de ordem Losa
Outra parte do nome não tomada para palavra de ordem Ilse
Datas 1913-2006
966 ## - Identificação da Biblioteca
Sigla EBVEN
942 ## - Elementos de entrada adicionados (Koha)
Tipo de item no Koha Livro
Exemplares
Situação do levantamento Origin of item (home branch) (coded) Biblioteca de empréstimo Código de barras Cota Circulation type (not for loan) Tipo de documento Nota do exemplar Damaged status
  Biblioteca Escolar das Vendas Biblioteca Escolar das Vendas BEV338 8POR LOS PNL MET   Livro Sem mensagem